Colombino: la forma y la historia /
Gorde:
| Egile nagusia: | |
|---|---|
| Formatua: | Ezezaguna |
| Hizkuntza: | Spanish |
| Argitaratua: |
Paraguay :
El Lector,
1985.
|
| Gaiak: | |
| Etiketak: |
Etiketa erantsi
Etiketarik gabe, Izan zaitez lehena erregistro honi etiketa jartzen!
|
MARC
| LEADER | 000000000a22000000004500 | ||
|---|---|---|---|
| 001 | 006188 | ||
| 041 | 0 | |a spa | |
| 082 | 0 | 4 | |a 709.241.9 |b E74c |
| 100 | 1 | |a Escobar Argaña, Ticio | |
| 245 | 1 | 0 | |a Colombino: la forma y la historia / |c Ticio Escobar Argaña. |
| 260 | 1 | |a Paraguay : |b El Lector, |c 1985. | |
| 300 | |a 124 páginas | ||
| 650 | 4 | |a COLOMBINO, CARLOS, 1937- | |
| 650 | 4 | |a ARTE PARAGUAYO | |
| 650 | 4 | |a CRITICISMO E INTERPRETACION | |
| 650 | 4 | |a PINTURA PARAGUAYA | |
| 999 | |c 11885 |d 11885 | ||
| 942 | |c BK |h 709.241.9 E74c |2 z | ||
